| 000 | 00420nam a22001697a 4500 | ||
|---|---|---|---|
| 003 | NUST - PNEC | ||
| 005 | 20170116180931.0 | ||
| 008 | 150905b xxu||||| |||| 00| 0 eng d | ||
| 020 | _a- | ||
| 040 | _cLIBRARY | ||
| 082 | _a621.3132 SIS | ||
| 100 |
_98277 _aSiskind, C. S. |
||
| 245 |
_aElectrical machines _cCharles S. Siskind |
||
| 250 | _a2nd ed. | ||
| 650 |
_98282 _aElectrical engineering _xEE |
||
| 942 |
_2ddc _cBK |
||
| 999 |
_c65922 _d65922 |
||